LEADER 00548nas a2200157 i 4500 001 000000032417 003 CaOOAMICUS 005 20180830125449.0 008 180830s2015 it u0 ita u 040 $aSeMil$bita 245 10$aComunicazione e m@ss media /$ca cura di Gianpiero Gamaleri. 260 $aRoma :$bArmando,$c2015. 300 $av. ;$c20 cm. 700 1 $aGamaleri, Gianpiero.$0(OLS)http://semarc/name/6577 996 $6245$aComunicazione e m@ss media$9(OLS)http://semarc/title/43960 996 $6260$aRoma :$bArmando$9(OLS)http://semarc/publisher/29857 LEADER 01463nam a2200229 i 4500 001 000000041625 003 CaOOAMICUS 005 20120620000000.0 008 120620s1760 xx u000 u fre u 013 $a12795 026 $an-us 8.0. uens (apa (3) 1760 (R) 040 $aSeMil$bita 245 12$aL'Esprit de Jésus Christ sur la tolérance; pour servir de réponse à plusieurs écrits de ce tems sur la même matière, et particulièrement à l'apologie de Louis 14. sur la révocation de l'édit de Nantes, et à la dissertation sur le massacre .. 300 $a359, [1] ;$c8°. 500 $aPer il nome dell'autore, Frederic Guillaume de La-Broue, cfr. Barbier. - Segn. : A-Y8 Z4. 650 4$aUgonotti - Francia.$0(OLS)http://semarc/subject/8851 650 4$aTolleranza religiosa - Cristianesimo - Francia.$0(OLS)http://semarc/subject/8852 650 4$aChiese Protestanti - [Relazioni con] Chiesa cattolica - 1500-1800.$0(OLS)http://semarc/subject/8853 700 1 $aLa Broue, Frederic Guillaume : de <17..-1782>.$0(OLS)http://semarc/name/20501 850 $aSeMil 852 $aSeMil$W1$xVenegono$y1$m2A I 93 FA$j7780$B7780$CSeMilBibl$Z2$F7780 $8I 996 $6245$aL'Esprit de Jésus Christ sur la tolérance; pour servir de réponse à plusieurs écrits de ce tems sur la même matière, et particulièrement à l'apologie de Louis 14. sur la révocation de l'édit de Nantes, et à la dissertation sur le massacre ..$9(OLS)http://semarc/title/60352